000 01376nam0a2200349 4500
001 RU\NLR\bibl\1839100
005 20250616171506.0
010 _a978-5-209-03625-8
_9500
021 _aRU
_b2011-86907
_96203
035 _a(nilc)RSL-KNO-005074558
035 _a(NLR Aleph) 001829568
090 _a2119124
_c2119124
100 _a20111107d2011 |||y0rusy50 ca
101 1 _arus
102 _aRU
105 _ay |||||||||
200 1 _aОбучение переводу научно-технических текстов с использованием информационных технологий
_fД. А. Алферова
210 _aМосква
_cРоссийский ун-т дружбы народов
_d2011
215 _a115, [1] с.
_d21
320 _aБиблиогр. в конце кн. (289 назв.) и в подстроч. примеч.
606 1 _aПереводчики
_xПодготовка
_xИнформационные технологии
_92104895
_3RU\NLR\auth\661576274
686 _aШ107.7р(2)3,0
_2rubbk
686 _aШ111.2р(2)3,0
_2rubbk
686 _aЧ489.612.31
700 1 _aАлферова
_bД. А.
_gДинара Адлевна
_4070
801 0 _aRU
_bRuMoRKP
_c20111107
_grcr
801 1 _aRU
_bРГБ
_c20111107
801 2 _aRU
_bNLR
_c20111125
_grcr
942 _cBOOK
980 _aNB
980 _aNBR